Prognózovanie finančnej situácie podniku dizertačná práca

Uložené v:
Podrobná bibliografia
Hlavný autor: Mihalovič, Matúš
Korporativný autor: Podnikovohospodárska fakulta EU so sídlom v Košiciach. Katedra kvantitatívnych metód
Ďalší autori: Megyesiová, Silvia, 1969-
Médium: Kniha
Jazyk:Slovak
Vydavateľské údaje: Košice 2017
Predmet:
Tagy: Pridať tag
Žiadne tagy, Buďte prvý, kto otaguje tento záznam!

MARC

LEADER 00000nbm a2200000 4500
001 0235816
005 20230227103603.0
041 0 |a slo 
044 |a SK 
245 1 0 |a Prognózovanie finančnej situácie podniku  |b dizertačná práca  |c Matúš Mihalovič ; školiteľ: Silvia Megyesiová 
264 1 |a Košice  |c 2017 
300 |a 138 s. 
610 2 0 |a podnik 
610 2 0 |a situácia finančná podniku 
610 2 0 |a prognózovanie 
610 2 0 |a modely 
610 2 0 |a siete neurónové 
610 2 0 |a úpadok podniku 
100 1 |a Mihalovič, Matúš 
700 1 |a Megyesiová, Silvia, 1969- 
710 2 |a Podnikovohospodárska fakulta EU so sídlom v Košiciach. Katedra kvantitatívnych metód